000 00863cas a2200301 a 4500
003 OSt
005 20241026150044.0
008 070206c20079999io mr p 0 0eng
022 _a1978-0559
040 _aDLC
_cDLC
_dDLC
_dMH
_dDLC
_dWaU
_dOCoLC
_dMH
043 _aa-io---
092 0 4 _a382.09159805
_bG5626
_221
099 _a382.09159805 G5626
222 0 _aGlobe Asia (Jakarta)
245 0 0 _aGlobe Asia.
246 3 _aGlobeAsia
300 _aVOLUME. :
_bILLUSTRATION. ;
_c27 cm.
310 _aMonthly
362 0 _aFeb. 2007-
500 _aTitle from cover.
541 _aKedutaan Besar Republik Indonesia ;
_d2014-01-01
541 _aKedutaan Besar Republik Indonesia ;
_d2014-01-01
651 0 _aegypt
_xCommerce
651 0 _aIndonesia
_xCommerce
_vPeriodicals.
905 _aSuzan
_eCat.
905 _eRev.
942 _n0
_cContinuing Resources
999 _c137080
_d137080